Η γλώσσα C++ σε βάθος

Αποθηκεύτηκε σε:
Λεπτομέρειες βιβλιογραφικής εγγραφής
Κύριος συγγραφέας: Χατζηγιαννάκης, Νίκος Μ.
Μορφή: Βιβλίο
Γλώσσα:Greek
Δημοσίευση: Αθήνα : Κλειδάριθμος, 2008, c2011.
Θέματα:
Ετικέτες: Προσθήκη ετικέτας
Δεν υπάρχουν, Καταχωρήστε ετικέτα πρώτοι!

MARC

LEADER 00000cam a2200000 i 4500
001 1/24991
008 100611r20112008gr | ||| |||| ||gre||
020 |a 9789604611430 
035 |l 10113563 
040 |a GR-MY-UA  |b gre  |e aacr 
041 0 |a gre 
082 7 |a 005.133   |2 (22) 
100 1 |a Χατζηγιαννάκης, Νίκος Μ. 
245 1 2 |a Η γλώσσα C++ σε βάθος /   |c Νίκος Μ. Χατζηγιαννάκης.  
260 |a Αθήνα :   |b Κλειδάριθμος,   |c 2008, c2011.  
300 |a 840 σ. :   |b σχέδια ;   |c 24 εκ. +   |e 1 οπτική δισκέτα λέϊζερ Η/Υ (4 3/4 ίν.)  
500 |a Γνωρίστε τη φιλοσοφία του αντικειμενοστρεφούς προγραμματισμού μέσα από τη γλώσσα C++. Απευθύνεται τόσο στον αρχάριο όσο και στον έμπειρο προγραμματιστή, με πλήθος από χαρακτηριστικά παραδείγματα, επεξηγηματικά σχήματα και ασκήσεις. 
500 |a Από το αντίτυπο του Παραρτήματος Ρόδου λείπει το cdrom.  
504 |a Βιβλιογραφία: σ. 828-830. 
504 |a Ευρετήριο: σ. 832-840. 
650 0 0 |a C++ (Computer program language) 
650 0 0 |a Programming languages (Electronic computers) 
852 |a INST  |b LESVOS  |e 20100611  |h 005.133 ΧΑΤ  |p 005100047822  |q 005100047822  |t BK  |y 0 
852 |a INST  |b LESVOS  |e 20100611  |h 005.133 ΧΑΤ  |p 005100047824  |q 005100047824  |t BK  |y 0 
852 |a INST  |b LESVOS  |e 20110713  |h 005.133 ΧΑΤ  |p 005100048703  |q 005100048703  |t BK  |y 0 
852 |a INST  |b LESVOS  |e 20110531  |h 005.133 ΧΑΤ  |p 005100049006  |q 005100049006  |t BK  |y 0 
852 |a INST  |b LESVOS  |e 20130124  |h 005.133 ΧΑΤ  |p 005100052041  |q 005100052041  |t BK  |y 0 
852 |a INST  |b LESVOS  |e 20100611  |h 005.133 ΧΑΤ  |p 005100047823  |q 005100047823  |t BK  |y 0 
852 |a INST  |b LESVOS  |e 20100611  |h 005.133 ΧΑΤ  |p 005100047825  |q 005100047825  |t BK  |y 0 
852 |a INST  |b LESVOS  |c EUDOXUS  |e 20110713  |h 005.133 ΧΑΤ   |p 005100048701  |q 005100048701  |t EDX  |y 0 
852 |a INST  |b LESVOS  |c EUDOXUS  |e 20110531  |h 005.133 ΧΑΤ   |p 005100049005  |q 005100049005  |t EDX  |y 0 
852 |a INST  |b LESVOS  |c EUDOXUS  |e 20130124  |h 005.133 ΧΑΤ   |p 005100052040  |q 005100052040  |t EDX  |y 0 
852 |a INST  |b RHODES  |e 20211109  |h 005.133 XAT  |p 005400042374  |q 005400042374  |t BK  |y 0 
901 |a BIBL1-2013-1 
901 |a BIBL1-2010-2 
901 |a BIBL1-2011-2 
909 |a Λ  |b 173585 
909 |a Λ  |b 164763 
909 |a Λ  |b 164764 
909 |a Λ  |b 164765 
909 |a Λ  |b 164766 
909 |a Λ  |b 167971 
909 |a Λ  |b 167972 
909 |a Λ  |b 169427 
909 |a Λ  |b 169447 
920 |a Εύδοξος  |b Επιστροφή  |y Λέσβος  |z 2012-09 
920 |a Εύδοξος  |b Επιστροφή  |y Λέσβος  |z 2011-05 
970 |a Γιαλαμά  |b Μαρία  |z 2010/06/11